Statistics for Every NCAA Division I School in Tennessee

Click here to take the quiz!

General Stats

  • This quiz has been taken 13 times
  • The average score is 9 of 12

Answer Stats

AnswerConference% Correct
TennesseeSEC
100%
VanderbiltSEC
100%
MemphisAmerican
91%
Tennessee StateOhio Valley
91%
ChattanoogaSoCon
82%
Tennessee TechOhio Valley
82%
East Tennessee StateSoCon
73%
Middle Tennessee StateC-USA
73%
BelmontMissouri Valley
64%
Austin PeayASUN
55%
UT MartinOhio Valley
55%
LipscombASUN
45%

Score Distribution

Percentile by Number Answered

Percent of People with Each Score

Your Score History

You have not taken this quiz